000 00446nam a2200181Ia 4500
001 8935
005 20260306160646.0
008 260306t1965||||xx |||||||||||||| ||spa||
041 _aESP
082 _a371.93
_bD69
100 _aDíaz Arnal, Isabel
_eAUT
245 0 _aLa educación en el hogar de los niños inadaptados
260 _c1965
300 _a107 páginas :
_c22 cm.
650 _aGEN
654 _aCED
942 _cLIB
_dJUS
_fJUS
_2ddc
_n
999 _c8935
_d8935